LEADER 00799nam0-2200301---450 001 990009207050403321 005 20180108125727.0 010 $a978-88-430-4644-7 035 $a000920705 100 $a20100712d2009----km-y0itay50------ba 101 0 $aita 102 $aIT 105 $a--------001yy 200 1 $aChe cos'è l'interlinguistica$fFabiana Fusco 205 $aRist. 210 $aRoma$cCarocci$d2009 215 $a128 p.$d20 cm 225 1 $a<>bussole$v321 610 0 $aLinguistica storica 676 $a417.7 700 1$aFusco,$bFabiana$0508389 801 0$aIT$bUNINA$gRICA$2UNIMARC 901 $aBK 912 $a990009207050403321 952 $a417.7 FUS 1$bDip.fil.mod. 16834$fFLFBC 959 $aFLFBC 996 $aChe cos'è l'interlinguistica$9777455 997 $aUNINA LEADER 02430nam 2200661Ia 450 001 9910462242103321 005 20200520144314.0 010 $a1-283-73851-1 010 $a1-55553-800-2 035 $a(CKB)2670000000278222 035 $a(EBL)1085118 035 $a(OCoLC)816818663 035 $a(SSID)ssj0000832169 035 $a(PQKBManifestationID)11465889 035 $a(PQKBTitleCode)TC0000832169 035 $a(PQKBWorkID)10898769 035 $a(PQKB)11643093 035 $a(MiAaPQ)EBC1085118 035 $a(MdBmJHUP)muse18917 035 $a(Au-PeEL)EBL1085118 035 $a(CaPaEBR)ebr10620947 035 $a(CaONFJC)MIL405101 035 $a(EXLCZ)992670000000278222 100 $a20120411d2012 uy 0 101 0 $aeng 135 $aur|n|---||||| 181 $ctxt 182 $cc 183 $acr 200 10$aCybercrime and the law$b[electronic resource] $echallenges, issues, and outcomes /$fSusan W. Brenner 210 $aBoston $cNortheastern University Press$dc2012 215 $a1 online resource (273 p.) 300 $aDescription based upon print version of record. 311 $a1-55553-798-7 320 $aIncludes bibliographical references and index. 327 $aHacking -- Malware and DDoS attacks -- Cybercrimes against property -- Cybercrimes against persons -- Cyber CSI : the evidentiary challenges of digital crime scenes -- Cybercrime investigations and privacy -- Transnational investigation of cybercrime -- Mutating cyberthreats : crime, terrorism, and war. 330 $aThe first full-scale overview of cybercrime, law, and policy 606 $aComputer crimes$zUnited States 606 $aComputer networks$xLaw and legislation$zUnited States$xCriminal provisions 606 $aComputer viruses$zUnited States 606 $aComputer hackers$zUnited States 606 $aCriminal jurisdiction$zUnited States 608 $aElectronic books. 615 0$aComputer crimes 615 0$aComputer networks$xLaw and legislation$xCriminal provisions. 615 0$aComputer viruses 615 0$aComputer hackers 615 0$aCriminal jurisdiction 676 $a345.730268 676 $a364.16/80973 700 $aBrenner$b Susan W.$f1947-$01037131 801 0$bMiAaPQ 801 1$bMiAaPQ 801 2$bMiAaPQ 906 $aBOOK 912 $a9910462242103321 996 $aCybercrime and the law$92457886 997 $aUNINA LEADER 02568nam0 22004573i 450 001 MOD1699913 005 20251003044241.0 100 $a20191021d2017 ||||0itac50 ba 101 | $aeng$aita$ceng 102 $ait 181 1$6z01$ai $bxxxe 182 1$6z01$an 183 1$6z01$anc$2RDAcarrier 200 1 $aPost-crisis bank regulations and financial market liquidity$eRome, 15 September 2017$fDarrell Duffie 210 $a[Roma$cBanca d'Italia$d2017?] 215 $a211 p.$d21 cm 225 | $aLezioni Paolo Baffi di moneta e finanza$v[13] 410 0$1001RMS0172054$12001 $aLezioni Paolo Baffi di moneta e finanza$v[13]$171202$aBanca d'Italia$3CFIV021176 500 10$aPost-crisis bank regulations and financial market liquidity.$3TSA1605170$9MILV012193$92877335 510 1 $aˆLa ‰regolamentazione del settore bancario dopo la crisi e la liquidità dei mercati finanziari.$9UBS0013656 606 $aCredito$xGestione$2FIR$3CFIC062759$9I 676 $a332$9ECONOMIA FINANZIARIA$v21 676 $a332$9ECONOMIA FINANZIARIA$v22 676 $a332$9ECONOMIA FINANZIARIA$v23 676 $a332.0945$9ECONOMIA FINANZIARIA. Italia$v21 696 $aAttività dei crediti 699 $aCredito$yAttività dei crediti 700 1$aDuffie$b, Darrell$3MILV012193$4070$055005 790 1$aDuffie$b, James Darrell$3USMV986889$zDuffie, Darrell 801 3$aIT$bIT-000000$c20191021 850 $aIT-BN0095 $aIT-NA0601 $aIT-NA0079 $aIT-NA0070 $aIT-NA0120 901 $bNAP 93$cFIN $n$ 901 $bNAP BN$cMAGAZZINO $nmagazzini correnti divisi per anni 901 $bNAP BU$c4 B $nPropedeutica. Formato cm. 20,1-28. 901 $bNAP 01$cPOZZO LIB.$nVi sono collocati fondi di economia, periodici di ingegneria e scienze, periodici di economia e statistica e altri fondi comprendenti documenti di economia pervenuti in dono. 901 $bNAP 01$cBCA $nComprende monografie e periodici di diritto, testi di ingegneria, di scienze e tecnologia di nuova acquisizione. 912 $aMOD1699913 950 0$aBiblioteca Centralizzata di Ateneo$c1 v.$d 01POZZO LIB.DONI DEMM 442$e 01 0000086185E VMA 1 v. (precedente collocazione: POZZO LIB. F. BENCARDINO 288)$fB $h20220624$i20221125$d 01BCA SC. SOCIAL 878$e 01 0000006735 VMA 1 v.$fY $h20220617$i20220617 977 $a 01$a 93$a BN$a BU$a CR 996 $aPost-crisis bank regulations and financial market liquidity$92877335 997 $aUNISANNIO